000 00704nam a2200289Ia 4500
005 20260324121642.0
008 008 260324s9999 xx 000 0 eng d
020 _a9781315588315
037 _aEBOOK
040 _aCRL
040 _beng
040 _cCRL
041 _2eng
041 _aeng
084 _qCRL
100 _aJohannes G. de Kruijf; Ajaya Kumar Sahoo
_91163342
245 0 _aIndian Transnationalism Online
245 0 _bNew Perspectives on Diaspora
260 _bTaylor and Francis
260 _c2014
365 _a
365 _b240
856 _uhttp://www.taylorfrancis.com/books/9781315588315
942 _cEBOOK
999 _c1755590
_d1755590